| 000 | 00517nam a2200181Ia 4500 | ||
|---|---|---|---|
| 001 | 13167 | ||
| 005 | 20260306163033.0 | ||
| 008 | 260306t1998||||xx |||||||||||||| ||spa|| | ||
| 041 | _aESP | ||
| 082 |
_a001.4 _bS23 |
||
| 100 |
_aSánchez Carlessi, Hugo _eAUT |
||
| 245 | 0 |
_aMetodología y diseños en la investigación científica: _baplicados a la psicología educación y ciencias sociales |
|
| 260 | _c1998 | ||
| 300 |
_a174 páginas : _c20 cm. |
||
| 650 | _aGEN | ||
| 654 | _aCHU | ||
| 942 |
_cLIB _dJUS _fJUS _2ddc _n |
||
| 999 |
_c13167 _d13167 |
||